00862nam a2200217 a 450000100100000000500170001000800410002704000250006808200190009324501240011226000590023630000210029565000430031665000310035965000290039070000360041970000400045504900090049595201230050499900170062700002517520200930023616.0110210s1959 sp r 000 p spa d aDO-SdBNPbspacBNPHU a861.008bB149l00aLibro del idioma :bantología de prosa castellana /cSelección y vocabulario por Enrique Bagué y Oriol Martorell. aBarcelona, (España) :bEditorial Seix Barral,c1959. a238 p. ;a18 cm. 4aPoesía españolaxColecciones93395 4aLiteratura española9632 4aPoesía española96311 aBagué, Enrique,e1900-9516481 aMartorell, Oriol,d1927-1996951649 aBNGR 001054708MOaGRbGRcCTd2011-02-10iLF1l0o861.008 B149lp25175-10r2020-06-25w2020-06-25y4ZPréstamo en sala c24668d24668